Normal view
MARC view
- الاتصال-وسائل الاتصال-مجتمع اعلام
Entry Topical Term
001 - CONTROL NUMBER
- control field: 35712
003 - CONTROL NUMBER IDENTIFIER
- control field: JO-AjAnu
005 - DATE AND TIME OF LATEST TRANSACTION
- control field: 20230606075953.0
008 - FIXED-LENGTH DATA ELEMENTS
- fixed length control field: 230606|| aca||aabn | a|a d
040 ## - CATALOGING SOURCE
- Original cataloging agency: JO-AjAnu
- Transcribing agency: JO-AjAnu
150 ## - HEADING--TOPICAL TERM
- Topical term or geographic name entry element: الاتصال-وسائل الاتصال-مجتمع اعلام
670 ## - SOURCE DATA FOUND
- Source citation: Work cat.: (JO-AjAnu)18338: بن,ريتشارد تأليف/دونهيو,لويس م.مشارك/ثورب, روبرت م.مشارك/الجوهر ,محمد مترجم, author 35711, تحليل مضمون الإعلام